أسئلة وأجوبة حول بلد النار : (Record no. 21072)
[ view plain ]
| 000 -الفاتح | |
|---|---|
| حقل البيانات ثابتة الطول | 01389nam a2200349 i 4500 |
| 003 - محدد رقم الضبط | |
| رقم الضبط | EG-ScBUE |
| 005 - وقت وتاريخ اخر تعامل مع التسجيلة | |
| رقم الضبط | 20240214124932.0 |
| 008 - عناصر البيانات ثابتة الطول - معلومات عامة | |
| حقل البيانات ثابتة الطول | 151123s2013 ua a f b 000 0 ara d |
| 020 ## - الرقم الدولى المعيارى للكتب | |
| الرقم الدولى المعيارى للكتاب | 9774118869 |
| 040 ## - مصدر الفهرسة | |
| وكالة الفهرسة الأصلية | EG-ScBUE |
| لغة الفهرسة | ara |
| قواعد الوصف | rda |
| وكالة النسخ | EG-ScBUE |
| وكالة التعديل | EG-ScBUE |
| 041 1# - رمز اللغة | |
| رمز لغة النص/ المسارات الصوتية أو العنوان الانفرادي | ara |
| رمز لغة الترجمات و/او الاصلية المتوسطة للنص | aze |
| 043 ## - رمز المنطقة الجغرافية | |
| رمز المنطقة الجغرافية | a-aj--- |
| 082 04 - رقم تصنيف ديوى العشرى | |
| رقم التصنيف | 947.54076 |
| رقم المادة | أ س ئ |
| رقم الطبعة | 22 |
| 245 00 - بيان العنوان | |
| العنوان | أسئلة وأجوبة حول بلد النار : |
| بقية العنوان | أذربيجان. |
| 246 30 - العنوان الموازى | |
| عنوان صحيح/عنوان مختصر | أذربيجان |
| 246 30 - العنوان الموازى | |
| عنوان صحيح/عنوان مختصر | آذربيجان |
| 250 ## - بيان الطبعة | |
| بيان الطبعة | الطبعة الثالثة. |
| 264 ## - النشر، التوزيع | |
| مكان الناشر او الموزع | القاهرة : |
| اسم الناشر او الموزع | سفارة جمهورية أذربيجان، |
| تاريخ النشر أو التوزيع | 2013. |
| 300 ## - الوصف المادى | |
| التعداد | 142 صفحة : |
| تفاصيل ماديه اخرى للوعاء | إيضاحيات ملونة ؛ |
| أبعاد الوعاء | 24 سم |
| 336 ## - نوع المحتوى | |
| source | rdacontent |
| Carrier Type Term | نص |
| Content Type Code | txt |
| 337 ## - نوع الوسيط | |
| Media Type Term | بدون وسيط |
| source | rdamedia |
| Media Type Code | n |
| 338 ## - نوع الحامل أو الناقل | |
| Carrier Type Term | مجلد |
| Carrier Type Code | nc |
| source | rdacarrier |
| 500 ## - تبصرة عامة | |
| تبصرة عامة | تمت ترجمة وطباعة هذا الكتاب بدعم من سفارة جمهورية أذربيجان بالقاهرة 2013. |
| 504 ## - تبصرة ببليوجرافية | |
| تبصرة ببليوجرافية,الخ | يشتمل على إرجاعات ببليوجرافية. |
| 541 ## - تبصرة المصدر المباشر للتزويد | |
| طريقة التزويد | Donation ; |
| مصدر التزويد | Shahla - Azarbaijan.<br/> |
| 546 ## - تبصرة اللغة | |
| تبصرة اللغة | النص باللغة العربية مترجم من اللغة الآذربيجانية التركية.<br/> |
| 650 ## - المدخل الاضافى بالموضوع-مصطلح موضوعى | |
| مصدر الرأس أو المصطلح | BUEsh |
| 651 #7 - المدخل الاضافى بالموضوع - اسم جغرافى | |
| الاسم الجغرافي | أذربيجان |
| التقسيم الفرعي العام | تاريخ. |
| التقسيم الفرعي الشكلي | أسئلة وأجوبة. |
| مصدر الرأس أو المصطلح | BUEsh |
| 653 ## - مصطلح تكشيفى غير مقيد | |
| Resource For college | Generalities |
| Arrived date list | November2015 |
| 655 ## - مصطلح تكشيفى-نوع/شكل | |
| التقسيم الفرعي الشكلي | Reading book |
| 942 ## - عناصر المدخل الإضافي( كوها) | |
| مصدر التصنيف او مخطط الترفيف | Dewey Decimal Classification |
| حالة التراجع | حالة الفقد | مصدر التصنيف او خطة الترفيف | حالة تلف | ليس للاعارة | المكان الدائم | المكان الحالي | موقع الترفيف | تاريخ الاكتساب | Source of acquisition | رقم الاستدعاء | الباركود | Date last seen | تبصرة غير عامة( المفوع للعناصر المفقوده) | نوع الوعاء |
|---|---|---|---|---|---|---|---|---|---|---|---|---|---|---|
| Dewey Decimal Classification | Central Library | Central Library | Second Floor | 23/11/2015 | Donation | 947.54076 أ س ئ | 000031368 | 15/07/2025 | Donation from Shahla - Azarbaijan. | Book - Borrowing | ||||
| Dewey Decimal Classification | Central Library | Central Library | Second Floor | 23/11/2015 | Donation | 947.54076 أ س ئ | 000031367 | 15/07/2025 | Donation from Shahla - Azarbaijan. | Book - Borrowing | ||||
| Dewey Decimal Classification | Central Library | Central Library | Second Floor | 23/11/2015 | Donation | 947.54076 أ س ئ | 000031366 | 15/07/2025 | Donation from Shahla - Azarbaijan. | Book - Borrowing | ||||
| Dewey Decimal Classification | Central Library | Central Library | Second Floor | 23/11/2015 | Donation | 947.54076 أ س ئ | 000031365 | 15/07/2025 | Donation from Shahla - Azarbaijan. | Book - Borrowing | ||||
| Dewey Decimal Classification | Central Library | Central Library | Second Floor | 23/11/2015 | Donation | 947.54076 أ س ئ | 000031364 | 15/07/2025 | Donation from Shahla - Azarbaijan. | Book - Borrowing | ||||
| Dewey Decimal Classification | Central Library | Central Library | Second Floor | 23/11/2015 | Donation | 947.54076 أ س ئ | 000031363 | 15/07/2025 | Donation from Shahla - Azarbaijan. | Book - Borrowing | ||||
| Dewey Decimal Classification | Central Library | Central Library | Second Floor | 23/11/2015 | Donation | 947.54076 أ س ئ | 000031362 | 15/07/2025 | Donation from Shahla - Azarbaijan. | Book - Borrowing | ||||
| Dewey Decimal Classification | Central Library | Central Library | Second Floor | 23/11/2015 | Donation | 947.54076 أ س ئ | 000031361 | 15/07/2025 | Donation from Shahla - Azarbaijan. | Book - Borrowing | ||||
| Dewey Decimal Classification | Central Library | Central Library | Second Floor | 23/11/2015 | Donation | 947.54076 أ س ئ | 000031360 | 15/07/2025 | Donation from Shahla - Azarbaijan. | Book - Borrowing | ||||
| Dewey Decimal Classification | Central Library | Central Library | Second Floor | 23/11/2015 | Donation | 947.54076 أ س ئ | 000031359 | 15/07/2025 | Donation from Shahla - Azarbaijan. | Book - Borrowing |